000 00849nam a22002777a 4500
001 BR9509016
003 BR-BrBNA
005 20230928094753.0
007 ta
008 230509b bl.||||| |||| 00| 0 por d
040 _aBR-BrBNA
_bpor
_cBiblioteca Nacional de Agricultura
041 _a(Por)
072 _aE40; E16; E13
090 _ E40 BR9509016
100 1 _aFrantz, T.R.
110 1 _aFundacao de Integracao, Desenvolvimento e Educacao do Nordeste do Estado, Ijui, RS (Brasil)
_94869
245 1 _aCooperativismo empresarial e desenvolvimento agricola. O caso da CONTRIJUI
260 3 _aIjui, RS (Brasil):
_c1992.
300 _a249 p.
650 _aCooperativa de Produtores
650 _aSistema de Producao
650 _aCredito Agricola
650 _aRio Grande do Sul
909 _a202309
_bLucia
_c55
_dLucia Elande
942 _cBK
999 _c52541
_d52541